000 01068nam a2200229 a 4500
001 50009
003 BD-RjUL
005 20211209075438.0
008 160823s1968 ii ||||| |||| 00| 0 ben d
020 _c: Tk. 3.25
035 _a(BD-RjUL) 50129
040 _aBD-RjUL
_bben
_cBD-RjUL
041 _aben
082 _223
_a370.109
_bBAS 1968
100 1 _aবকসী, মৃত্যুঞ্জয়
_9149856
245 1 0 _aশিক্ষার ইতিহাস :
_bপাক-ভারতের প্রাচীন মধ্য ও আধুনিক যুগের শিক্ষাধারার পূর্ণাঙ্গ ইতিহাস /
_cমৃত্যুঞ্জয় বকসী
260 _aকলিকাতা :
_bশ্রীজগদ্বীজ প্রেস,
_c১৯৬৮
300 _a১৮৯ পৃ. ;
_c২১ সেমি.
650 _aশিক্ষা
_xদর্শন
_xইতিহাস ও সমালোচনা
_9149857
650 _aEducation
_xPhilosophy
_xHistory and Criticism
_9149858
942 _2ddc
_cBK
999 _c50009
_d50009